California Bay Area Cities Quiz - Statistics

General Stats
  • This quiz has been taken 10,064 times
    10,061 since last reset
  • The average score is 11 of 35
Answer Stats
Population City % Correct
815,358 San Francisco
97%
409,184 Oakland
87%
964,695 San Jose
80%
102,822 Berkeley
54%
60,171 Palo Alto
45%
205,514 Fremont
42%
92,791 San Mateo
37%
102,165 Daly City
36%
103,166 Richmond
36%
111,997 Santa Clara
36%
144,289 Hayward
33%
62,830 South San Francisco
29%
114,622 Vallejo
29%
71,204 Alameda
28%
122,224 Concord
28%
64,008 Walnut Creek
28%
72,222 Mountain View
27%
75,297 Napa
27%
74,508 Redwood City
27%
133,963 Sunnyvale
27%
157,468 Santa Rosa
26%
55,901 San Rafael
25%
54,278 Cupertino
24%
67,543 Pleasanton
24%
81,084 Livermore
22%
67,895 Milpitas
21%
78,620 San Leandro
21%
101,182 Antioch
20%
72,848 Union City
18%
103,586 Fairfield
17%
65,129 Pittsburg
16%
91,991 Vacaville
15%
50,207 Gilroy
14%
55,178 Petaluma
14%
53,449 Novato
12%
No matching quizzes found
Score Distribution
Percent of People with Each Score
Percentile by Number Answered
Your Score History
You have not taken this quiz since the last reset